000
00234 a2200109 4500
245
_a
Collected Short Stories
_h
Text
020
_a
0140018743
100
_a
W.Somerset Maugham
650
_a
literature
005
20191017173300.0
260
_c
1929
084
_a
NONE
999
_c
10045
_d
10045